Bertrand Russell : l'abast i els límits del coneixement / Josep Sarret Josep Sarret
Descripción Física:
2 pàgs. ; il. b/n ; 29 cm.
Colección:
Arrel : revista editada per la Diputació de Barcelona
; Núm. 12 (desembre, 1985) ; pàgs. 68-69
Otros Autores:
Russell, Bertrand. El coneixement humà
MARC
| LEADER | 00000nab a2200000 a 4500 | ||
|---|---|---|---|
| 001 | 8161 | ||
| 003 | Arxiu | ||
| 005 | 20260324175951.0 | ||
| 008 | 160829s9999 xx 000 0 cat d | ||
| 100 | |a Sarret, Josep |9 42699 | ||
| 245 | |a Bertrand Russell : l'abast i els límits del coneixement / |b Josep Sarret | ||
| 260 | |a Barcelona : |b Diputació de Barcelona ; |c 1985 | ||
| 300 | |a 2 pàgs. ; |b il. b/n ; |c 29 cm. | ||
| 490 | |a Arrel : revista editada per la Diputació de Barcelona ; |v Núm. 12 (desembre, 1985) ; pàgs. 68-69 |x 0211-562X | ||
| 650 | |a Russell, Bertrand |x Coneixement, Teoria del |x Ressenyes de llibres |9 42712 | ||
| 700 | |a Russell, Bertrand. El coneixement humà |9 42713 | ||
| 856 | 4 | |u https://media.diba.cat/diba/fitxers/arxiu/hemeroteca/arrel/8161/bib_8161_1984_1986_n04_a15_baixa.pdf |y bib_8161_1984_1986_baixa.pdf | |
| 856 | 4 | ||
| 901 | |a Arxiu | ||
| 942 | |n 1 |2 udc |c Articles de revista | ||
| 952 | |0 0 |1 0 |2 udc |4 0 |6 REV94 |7 1 |9 50994 |a Arxiu |b Arxiu |d 2016-12-01 |o Rev-94 |r 2016-12-01 00:00:00 |w 2016-12-01 |y ARXIU | ||
| 999 | |c 54837 |d 54837 | ||
| 900 | |a bib_8161_1984_1986_n04_a15_baixa.pdf | ||